00280nam a2200121Ia 45000030006000000080041000060400015000471000016000622450042000782600009001205460012001290050017001410STCL150530s9999 xx 000 0 und d aSTCLcSTCL aShakespeare aTopical side of the Elizabethan drama c1888 aEnglish20220125170944.0